000 01055nam a22002657a 4500
999 _c20469
_d20469
003 AR-CdUCM
008 190528b ||||| |||| 00| 0 spa d
040 _aMUNICIPALIDAD PROVINCIAL DEL CUSCO
_cBIBLIOTECA MUNICIPAL DEL CUSCO
082 _a621.381 /
_bL85
100 _aLoper, Orla E.
_942677
245 _aIntroducción a la electricidad y a la electrónica :
_bManual de investigación y desarrollo /
260 _aMéxico :
_bDiana,
_c1972.
300 _a330 páginas ;
_bIlustraciones, diagramas,
_c26 cm.
440 _aManuales Delmar de electricidad y electrónica
_942678
500 _aManuales delmar de electricidad y electrónica
505 _aContenido : Electricidad-, comportamiento de los electrones -- Control del movimiento de los electrones -- Circuitos eléctricos ...
650 _aElectrónica
_920355
650 _aElectricidad
_915840
650 _aCircuitos
_919663
650 _aElectromagnetismo
_939789
650 _aEfectos electricos
_942806
700 _aAhr, Arthur F.
_942679
942 _2ddc
_cLIBROS
945 _arcc